LEADER 00911nam a2200205 i 4500 001 000000156685 003 CaOOAMICUS 005 20100726000000.0 008 100726s1920 it u000 u ita u 013 $a134040 040 $aSeMil$bita 100 1 $aKrieg, Cornelio.$0(OLS)http://semarc/name/7548 240 00$aOmiletica, o scienza dell'Evangelizzazione della Parola di Dio.$0(OLS)http://semarc/title/229677 245 10$aOmiletica, o scienza dell'Evangelizzazione della Parola di Dio /$cCornelio Krieg. 300 $aXV, 514 p. 650 4$aOmiletica.$0(OLS)http://semarc/subject/3458 773 0 $aKrieg, Cornelio$tScienza pastorale.$dTorino ; Roma : Marietti, 1920-1937.$gLibro3$w()23553 850 $aSeMil 852 $aSeMil$W1$xVenegono$y1$m2F VII 43$j252178$B108434$CSeMilBibl$Z2$F118016 $81 996 $6245$aOmiletica, o scienza dell'Evangelizzazione della Parola di Dio$9(OLS)http://semarc/title/229678 LEADER 00749nam a2200205 i 4500 001 000000104427 003 CaOOAMICUS 005 20011122000000.0 008 011122s1898 be u000 u lat u 013 $a76615 040 $aSeMil$bita 245 10$aA-I /$cBollandiani Socii. 300 $aXXXV, 687 p. 490 0 $aSubsidia hagiographica ;$v6. 710 2 $aSociété des Bollandistes .$0(OLS)http://semarc/name/307 773 0 $tBibliotheca hagiographica latina.$dBruxelles : [s.n.], 1898-1911.$w()905 830 0$aSubsidia hagiographica ;$v6.$0(OLS)http://semarc/title/570 850 $aSeMil 852 $aSeMil$W1$xVenegono$y1$mSL1.S II 6/1$j60816$B60816$CSeMilBibl$Z2$F45232 $8I 996 $6245$aA-I$9(OLS)http://semarc/title/195713